[Event "Mecklenburg VP Verbandsliga 2223"]
[Site "Mecklenburg VP"]
[Date "2023.05.07"]
[Round "9.1"]
[White "Lehmann, Ruben"]
[Black "Tovmasyan, Minas"]
[Result "0-1"]
[WhiteElo "1985"]
[BlackElo "1788"]
[PlyCount "142"]
[EventDate "2022.10.23"]
[EventType "team-tourn"]
[EventRounds "9"]
[EventCountry "GER"]
[SourceTitle "EXT 2024"]
[Source "ChessBase"]
[SourceDate "2023.10.10"]
[SourceVersion "1"]
[SourceVersionDate "2023.10.10"]
[SourceQuality "1"]
[WhiteTeam "Stralsund HSG"]
[BlackTeam "Makkabi Rostock"]
[WhiteTeamCountry "GER"]
[BlackTeamCountry "GER"]

1. d4 Nf6 2. c4 c5 3. d5 b5 4. cxb5 a6 5. bxa6 g6 6. Nc3 Bg7 7. g3 Bxa6 8. Bg2 d6 9. Nf3 0-0 10. 0-0 Nbd7 11. h3 Nb6 12. Re1 Nfd7 13. Bd2 Nc4 14. Qc1 Nxd2 15. Qxd2 Qa5 16. Rac1 Nb6 17. e4 Nc4 18. Qc2 Rfb8 19. b3 Ne5 20. Nxe5 Bxe5 21. Ne2 Qa3 22. Rb1 Bb5 23. Nc3 Bd7 24. Bf1 Qa5 25. Rec1 Qxc3 26. Qxc3 Bxc3 27. Rxc3 Rxa2 28. Kg2 Kg7 29. Bc4 Rb4 30. Re1 Bb5 31. e5 Bxc4 32. bxc4 Rbb2 33. Rf3 Re2 34. Rxe2 Rxe2 35. exd6 exd6 36. Rf4 g5 37. Rg4 Kg6 38. h4 h6 39. hxg5 hxg5 40. Kf3 Rc2 41. Re4 Kf5 42. g4+ Kf6 43. Ke3 Rc3+ 44. Kd2 Rf3 45. Ke2 Rc3 46. f3 Kg6 47. Re7 Rxc4 48. Rd7 Kf6 49. Rxd6+ Ke5 50. Rd7 f6 51. d6 Rd4 52. Ke3 Rxd6 53. Rc7 Kd5 54. Kd3 Ke5+ 55. Ke3 Kd5 56. Kd3 Rc6 57. Re7 Ra6 58. Rf7 Ke5 59. Ke3 Ra3+ 60. Kf2 c4 61. Rc7 c3 62. Rc5+ Kd4 63. Rc8 Ra2+ 64. Kg3 Ra5 65. f4 Rc5 66. Rd8+ Ke3 67. Re8+ Kd2 68. Rd8+ Ke1 69. fxg5 c2 70. Rh8 fxg5 71. Re8+ Kd1 0-1

[Event "Mecklenburg VP Verbandsliga 2223"]
[Site "Mecklenburg VP"]
[Date "2023.02.26"]
[Round "6.1"]
[White "Tovmasyan, Minas"]
[Black "Schmidt, Peter2222"]
[Result "1/2-1/2"]
[WhiteElo "1788"]
[BlackElo "2109"]
[PlyCount "37"]
[EventDate "2022.10.23"]
[EventType "team-tourn"]
[EventRounds "9"]
[EventCountry "GER"]
[SourceTitle "EXT 2024"]
[Source "ChessBase"]
[SourceDate "2023.10.10"]
[SourceVersion "1"]
[SourceVersionDate "2023.10.10"]
[SourceQuality "1"]
[WhiteTeam "Makkabi Rostock"]
[BlackTeam "Rostock SSC 07"]
[WhiteTeamCountry "GER"]
[BlackTeamCountry "GER"]

1. d4 Nf6 2. c4 e6 3. Nf3 b6 4. g3 Bb7 5. Bg2 d6 6. 0-0 Nbd7 7. Nc3 g6 8. b3 Bg7 9. Bb2 0-0 10. Qc2 Qe7 11. Rad1 c5 12. e3 Ne8 13. e4 a6 14. Rfe1 Rc8 15. Qd2 Nb8 16. dxc5 bxc5 17. Na4 Bxb2 18. Qxb2 f6 19. b4 1/2-1/2

[Event "Mecklenburg VP Verbandsliga 2223"]
[Site "Mecklenburg VP"]
[Date "2023.01.15"]
[Round "5.1"]
[White "Kist, Eike Andreas"]
[Black "Tovmasyan, Minas"]
[Result "1-0"]
[WhiteElo "1697"]
[BlackElo "1838"]
[PlyCount "57"]
[EventDate "2022.10.23"]
[EventType "team-tourn"]
[EventRounds "9"]
[EventCountry "GER"]
[SourceTitle "EXT 2024"]
[Source "ChessBase"]
[SourceDate "2023.10.10"]
[SourceVersion "1"]
[SourceVersionDate "2023.10.10"]
[SourceQuality "1"]
[WhiteTeam "Think Rochade"]
[BlackTeam "Makkabi Rostock"]
[WhiteTeamCountry "GER"]
[BlackTeamCountry "GER"]

1. e4 c5 2. Nf3 e6 3. d4 cxd4 4. Nxd4 a6 5. Bd3 Bc5 6. Nb3 Be7 7. 0-0 Qc7 8. c4 Nf6 9. Nc3 b6 10. Be3 d6 11. Rc1 Bb7 12. Qe2 0-0 13. Rfd1 Nbd7 14. Bb1 Rac8 15. Nd2 Rfe8 16. f4 Nc5 17. h3 Qb8 18. Bf2 Bc6 19. Nf3 Qb7 20. Re1 b5 21. b4 Ncd7 22. e5 Nh5 23. exd6 Bf6 24. c5 Nxf4 25. Qc2 g6 26. Ne4 Bg7 27. Nd4 Bd5 28. c6 Bxc6 29. Nxc6 1-0

[Event "GER-chT Lands U20"]
[Site "Wiesbaden"]
[Date "2022.10.03"]
[Round "6.6"]
[White "Semling, Julius"]
[Black "Tovmasyan, Minas"]
[Result "1-0"]
[WhiteElo "1801"]
[BlackElo "1838"]
[PlyCount "51"]
[EventDate "2022.09.30"]
[EventType "team-swiss"]
[EventRounds "7"]
[EventCountry "GER"]
[SourceTitle "CBM 210 Extra"]
[Source "ChessBase"]
[SourceDate "2022.11.30"]
[SourceVersion "1"]
[SourceVersionDate "2022.11.30"]
[SourceQuality "1"]
[WhiteTeam "Baden U20 II"]
[BlackTeam "Mecklenburg Vorpommern U20"]
[WhiteTeamCountry "GER"]
[BlackTeamCountry "GER"]

1. e4 c5 2. Nf3 e6 3. d4 cxd4 4. Nxd4 a6 5. c4 Nf6 6. Nc3 Qc7 7. a3 b6 8. f4 d6 9. Bd3 Bb7 10. Qe2 Be7 11. 0-0 Nbd7 12. Kh1 Rc8 13. Bd2 h5 14. Rae1 h4 15. Nf3 Kf8 16. Ng5 Nh5 17. f5 exf5 18. Nd5 Bxd5 19. exd5 Bxg5 20. Bxg5 Ne5 21. Bxf5 Ra8 22. b3 b5 23. cxb5 axb5 24. Qxb5 Ra5 25. Qb4 Rc5 26. Rxe5 1-0

[Event "GER-ch U16"]
[Site "Willingen"]
[Date "2022.06.10"]
[Round "8"]
[White "Tovmasyan, Minas"]
[Black "Guo, Philipp Ziming"]
[Result "0-1"]
[WhiteElo "1933"]
[BlackElo "1825"]
[PlyCount "86"]
[EventDate "2022.06.04"]
[EventType "swiss"]
[EventRounds "9"]
[EventCountry "GER"]
[SourceTitle "CBM 208 Extra"]
[Source "ChessBase"]
[SourceDate "2022.07.31"]
[SourceVersion "1"]
[SourceVersionDate "2022.07.31"]
[SourceQuality "1"]

1. d4 Nf6 2. Nf3 e6 3. g3 c5 4. Bg2 cxd4 5. Nxd4 d5 6. 0-0 e5 7. Nb3 Be6 8. Bg5 Nbd7 9. Qd3 h6 10. Bxf6 Nxf6 11. Qb5+ Qd7 12. Nc3 Rd8 13. Na5 Qxb5 14. Nxb5 Rd7 15. c4 Bb4 16. cxd5 Bxd5 17. Bxd5 Nxd5 18. Nc4 a6 19. Nba3 f6 20. Rfd1 b5 21. e4 bxc4 22. exd5 Bxa3 23. bxa3 Ke7 24. Rab1 Rc8 25. Kf1 Rc5 26. Rbc1 Kd6 27. Rd2 Rdc7 28. Rdc2 c3 29. Ke2 Kxd5 30. f3 f5 31. h4 g6 32. Ke3 Rc4 33. Ke2 g5 34. hxg5 hxg5 35. Rd1+ Rd4 36. Rd3 Rxd3 37. Kxd3 e4+ 38. fxe4+ fxe4+ 39. Ke3 Rf7 40. Rxc3 Rf3+ 41. Kd2 Rxc3 42. Kxc3 g4 43. a4 a5 0-1

[Event "Neubrandenburg-chA"]
[Site "Neubrandenburg"]
[Date "2022.04.12"]
[Round "7"]
[White "Tovmasyan, Minas"]
[Black "Onasch, Gunnar"]
[Result "1-0"]
[WhiteElo "1846"]
[BlackElo "1822"]
[PlyCount "37"]
[EventDate "2022.04.09"]
[EventType "swiss"]
[EventRounds "7"]
[EventCountry "GER"]
[SourceTitle "CBM 207 Extra"]
[Source "ChessBase"]
[SourceDate "2022.05.31"]
[SourceVersion "1"]
[SourceVersionDate "2022.05.31"]
[SourceQuality "1"]

1. d4 Nf6 2. c4 c5 3. d5 d6 4. Nf3 e6 5. h3 exd5 6. cxd5 b5 7. e4 a6 8. Bd3 g6 9. 0-0 Bg7 10. a4 c4 11. Bc2 Bb7 12. axb5 axb5 13. Rxa8 Bxa8 14. Na3 Qb6 15. Nd4 b4 16. Nxc4 Qc5 17. Nb5 0-0 18. Ncxd6 Rd8 19. Be3 1-0

[Event "GER-ch U16"]
[Site "Willingen"]
[Date "2021.08.27"]
[Round "7"]
[White "Chassard, Cedric"]
[Black "Tovmasyan, Minas"]
[Result "1-0"]
[WhiteElo "1971"]
[BlackElo "1869"]
[PlyCount "53"]
[EventDate "2021.08.22"]
[EventType "swiss"]
[EventRounds "9"]
[EventCountry "GER"]
[SourceTitle "EXT 2022"]
[Source "ChessBase"]
[SourceDate "2021.10.06"]
[SourceVersion "1"]
[SourceVersionDate "2021.10.06"]
[SourceQuality "1"]

1. e4 c5 2. Nf3 e6 3. g3 Nc6 4. Bg2 Nf6 5. Qe2 Be7 6. 0-0 d5 7. d3 0-0 8. c3 d4 9. e5 Nd7 10. Nbd2 Qc7 11. Re1 dxc3 12. bxc3 b6 13. Ne4 Ba6 14. Bf4 Rad8 15. Nd6 h6 16. h4 Na5 17. Qe3 Nb7 18. Ne4 Qc6 19. d4 Bc4 20. Bxh6 Bd5 21. Bg5 Bxg5 22. Nfxg5 Na5 23. Nh3 Nc4 24. Qg5 Rde8 25. Nf6+ Nxf6 26. exf6 Bxg2 27. Qxg7# 1-0

[Event "GER-chT Christmas U20"]
[Site "Playchess.com INT"]
[Date "2020.12.29"]
[Round "6.2"]
[White "Mueller, Milo"]
[Black "Tovmasyan, Minas"]
[Result "0-1"]
[WhiteElo "1232"]
[BlackElo "1771"]
[PlyCount "174"]
[EventDate "2020.12.29"]
[EventType "team-swiss (blitz)"]
[EventRounds "7"]
[EventCountry "GER"]
[SourceTitle "CBM 200 Extra"]
[Source "ChessBase"]
[SourceDate "2021.03.31"]
[SourceVersion "1"]
[SourceVersionDate "2021.03.31"]
[SourceQuality "1"]
[WhiteTeam "Windischeschenbach"]
[BlackTeam "Rostock Makkabi"]
[WhiteTeamCountry "GER"]
[BlackTeamCountry "GER"]

1. e4 c5 2. Nc3 e6 3. f4 d5 4. exd5 exd5 5. d3 Nf6 6. g3 g6 7. Bg2 Bg7 8. Nf3 0-0 9. 0-0 Nc6 10. Re1 Be6 11. Ne2 d4 12. c3 dxc3 13. bxc3 Nd5 14. d4 Qa5 15. Qd2 Rad8 16. Rb1 Nb6 17. Rd1 Nc4 18. Qe1 b6 19. dxc5 Rxd1 20. Qxd1 Rd8 21. Qe1 Qxc5+ 22. Nfd4 Nxd4 23. Nxd4 Bxd4+ 24. cxd4 Qxd4+ 25. Kh1 Qd7 26. Bb2 Qe7 27. Bc3 Nd6 28. Rd1 Nf5 29. Rxd8+ Qxd8 30. Qd2 Qxd2 31. Bxd2 Kf8 32. a4 Ke7 33. Bc6 Kd6 34. Bg2 Bd5 35. Bxd5 Kxd5 36. a5 Kc5 37. axb6 axb6 38. Kg1 b5 39. Kf1 Kc4 40. Ke1 b4 41. Kd1 b3 42. Kc1 Kd3 43. Ba5 Nd4 44. Kb2 Kc4 45. Bc3 Ne2 46. Bf6 Ng1 47. g4 Nf3 48. h4 Ne1 49. h5 Nd3+ 50. Kb1 Nxf4 51. hxg6 hxg6 52. g5 Nd5 53. Bg7 Nc3+ 54. Kb2 Nd1+ 55. Kb1 Nc3+ 56. Bxc3 Kxc3 57. Kc1 Kd3 58. Kb2 Ke4 59. Kxb3 Kf5 60. Kc3 Kxg5 61. Kd3 Kg4 62. Ke2 f5 63. Kf2 f4 64. Kg2 g5 65. Kf2 Kf5 66. Kf3 g4+ 67. Kf2 f3 68. Kg3 Ke4 69. Kf2 Kf4 70. Kf1 g3 71. Kg1 f2+ 72. Kg2 Ke3 73. Kf1 Kd2 74. Kg2 Ke1 75. Kxg3 f1Q 76. Kg4 Qf2 77. Kg5 Qf3 78. Kg6 Qf4 79. Kg7 Qf5 80. Kg8 Qf6 81. Kh7 Qg5 82. Kh8 Ke2 83. Kh7 Ke3 84. Kh8 Ke4 85. Kh7 Ke5 86. Kh8 Kf6 87. Kh7 Qg7# 0-1

[Event "GER-chT Christmas U16 Steinitz"]
[Site "Playchess.com INT"]
[Date "2020.12.28"]
[Round "6.1"]
[White "Tovmasyan, Minas"]
[Black "Huber, Benedikt"]
[Result "1/2-1/2"]
[WhiteElo "1771"]
[BlackElo "1613"]
[PlyCount "96"]
[EventDate "2020.12.28"]
[EventType "team-swiss (blitz)"]
[EventRounds "7"]
[EventCountry "GER"]
[SourceTitle "CBM 200 Extra"]
[Source "ChessBase"]
[SourceDate "2021.03.31"]
[SourceVersion "1"]
[SourceVersionDate "2021.03.31"]
[SourceQuality "1"]
[WhiteTeam "Rostock Makkabi"]
[BlackTeam "Kelheim II"]
[WhiteTeamCountry "GER"]
[BlackTeamCountry "GER"]

1. d4 d5 2. c4 c6 3. cxd5 cxd5 4. Bf4 Nc6 5. e3 Nf6 6. Nc3 a6 7. Be2 Bf5 8. g4 Bg6 9. h4 h6 10. Nh3 Nb4 11. Rc1 e6 12. 0-0 Ne4 13. Nxe4 Bxe4 14. Bg3 Be7 15. a3 Nc6 16. Qb3 Qd7 17. Nf4 0-0 18. Nd3 Rac8 19. Nc5 Bxc5 20. Rxc5 Bg6 21. Rfc1 f6 22. Qb6 Bf7 23. Bxa6 bxa6 24. Rxc6 a5 25. Qc5 Rxc6 26. Qxc6 Qxc6 27. Rxc6 Ra8 28. h5 Kf8 29. Rc7 Ra6 30. Rb7 Ra8 31. Rb8+ Rxb8 32. Bxb8 a4 33. Bc7 Ke7 34. Kf1 Kd7 35. Bb6 Kc6 36. Bc5 f5 37. f3 fxg4 38. fxg4 e5 39. Kg2 exd4 40. Bxd4 g6 41. hxg6 Bxg6 42. Kg3 h5 43. g5 Kd7 44. Kf4 Ke6 45. Ba7 Bf5 46. Bd4 Bg6 47. Bc5 Bf5 48. Bd4 Bg6 1/2-1/2

[Event "GER-ch U14"]
[Site "Willingen"]
[Date "2020.10.24"]
[Round "7"]
[White "Tovmasyan, Minas"]
[Black "Schwartz, Oliver"]
[Result "1/2-1/2"]
[WhiteElo "1658"]
[BlackElo "1794"]
[PlyCount "73"]
[EventDate "2020.10.19"]
[EventType "swiss"]
[EventRounds "7"]
[EventCountry "GER"]
[SourceTitle "EXT 2022"]
[Source "ChessBase"]
[SourceDate "2021.10.06"]
[SourceVersion "1"]
[SourceVersionDate "2021.10.06"]
[SourceQuality "1"]

1. d4 Nf6 2. c4 g6 3. Nc3 Bg7 4. e4 d6 5. f3 0-0 6. Be3 Nc6 7. Nge2 a6 8. Qd2 Rb8 9. Nc1 e5 10. Nb3 Nh5 11. d5 Ne7 12. 0-0-0 b5 13. cxb5 axb5 14. Bxb5 Ra8 15. a4 Ba6 16. Kc2 Qc8 17. Ra1 Rd8 18. Na5 Bb7 19. Nc6 Bxc6 20. dxc6 Qe6 21. Nd5 Nxd5 22. Qxd5 Nf6 23. Qxe6 fxe6 24. Bg5 d5 25. Bxf6 Bxf6 26. Rhd1 Be7 27. Rd3 Bb4 28. Rad1 d4 29. Kb3 Be7 30. Kc4 Rdb8 31. b3 Rb6 32. Rf1 Rab8 33. Rd2 Bg5 34. Rdd1 Be3 35. g3 g5 36. Kd3 Kf7 37. Ra1 1/2-1/2

[Event "GER-chT Lands U20"]
[Site "Berlin"]
[Date "2020.10.02"]
[Round "4.3"]
[White "Tovmasyan, Minas"]
[Black "Muedder, Melanie"]
[Result "0-1"]
[WhiteElo "1658"]
[BlackElo "2039"]
[PlyCount "48"]
[EventDate "2020.09.29"]
[EventType "team-swiss"]
[EventRounds "7"]
[EventCountry "GER"]
[SourceTitle "CBM 198 Extra"]
[Source "ChessBase"]
[SourceDate "2020.11.30"]
[SourceVersion "1"]
[SourceVersionDate "2020.11.30"]
[SourceQuality "1"]
[WhiteTeam "Mecklenburg Vorpommern U20"]
[BlackTeam "Nordrhein Westfalen U20"]
[WhiteTeamCountry "GER"]
[BlackTeamCountry "GER"]

1. d4 Nf6 2. c4 g6 3. Nc3 d5 4. Nf3 Bg7 5. Qb3 dxc4 6. Qxc4 0-0 7. e4 Nc6 8. Be2 Nd7 9. Be3 Nb6 10. Qb3 Nxd4 11. Nxd4 Bxd4 12. Rd1 c5 13. Nd5 Nxd5 14. Bxd4 Qa5+ 15. Rd2 Nf4 16. Bc3 Qc7 17. Bf3 Be6 18. Qd1 b5 19. g3 b4 20. Bxb4 cxb4 21. gxf4 Qxf4 22. Rd4 Rac8 23. 0-0 a5 24. Re1 Rc5 0-1

[Event "GER-chT Lands U20"]
[Site "Berlin"]
[Date "2020.09.30"]
[Round "1.7"]
[White "Nguyen, Ha Thanh"]
[Black "Tovmasyan, Minas"]
[Result "1/2-1/2"]
[WhiteElo "2019"]
[BlackElo "1658"]
[PlyCount "64"]
[EventDate "2020.09.29"]
[EventType "team-swiss"]
[EventRounds "7"]
[EventCountry "GER"]
[SourceTitle "CBM 198 Extra"]
[Source "ChessBase"]
[SourceDate "2020.11.30"]
[SourceVersion "1"]
[SourceVersionDate "2020.11.30"]
[SourceQuality "1"]
[WhiteTeam "Thueringen U20"]
[BlackTeam "Mecklenburg Vorpommern U20"]
[WhiteTeamCountry "GER"]
[BlackTeamCountry "GER"]

1. e4 c5 2. Nf3 e6 3. d4 cxd4 4. Nxd4 a6 5. Nc3 Qc7 6. Be3 Bb4 7. Qd2 Nf6 8. f3 d5 9. a3 Bxc3 10. bxc3 dxe4 11. Be2 0-0 12. Rd1 b5 13. 0-0 Bb7 14. Qe1 Nd5 15. Bd2 e3 16. Bc1 Nd7 17. Bd3 Nxc3 18. Qh4 g6 19. Rde1 Nd5 20. Bb2 Qf4 21. Qh3 N7f6 22. Nb3 Rac8 23. g3 Qg5 24. Qg2 Ba8 25. h4 Qh6 26. Re2 Rfe8 27. Qh2 Nc3 28. Ree1 Nfd5 29. Nc1 Red8 30. g4 Qf4 31. Qxf4 Nxf4 32. Rxe3 Nfd5 1/2-1/2

[Event "Rostock SSC op 18th"]
[Site "Rostock"]
[Date "2019.08.11"]
[Round "7"]
[White "Tovmasyan, Minas"]
[Black "Hammel, Ralf"]
[Result "1/2-1/2"]
[WhiteElo "1594"]
[BlackElo "2025"]
[PlyCount "20"]
[EventDate "2019.08.07"]
[EventType "swiss"]
[EventRounds "7"]
[EventCountry "GER"]
[SourceTitle "EXT 2020"]
[Source "ChessBase"]
[SourceDate "2019.10.17"]
[SourceVersion "1"]
[SourceVersionDate "2019.10.17"]
[SourceQuality "1"]

1. d4 Nf6 2. c4 e6 3. Nf3 b6 4. g3 Bb7 5. Bg2 c5 6. 0-0 cxd4 7. Nxd4 Bxg2 8. Kxg2 Bc5 9. Nc3 0-0 10. Bf4 Nh5 1/2-1/2

[Event "Mecklenburg VP LL2 Ost 1819"]
[Site "Mecklenburg VP"]
[Date "2019.03.10"]
[Round "7.7"]
[White "Tovmasyan, Minas"]
[Black "Breitenfeldt, Ulrich"]
[Result "1/2-1/2"]
[WhiteElo "1518"]
[BlackElo "1422"]
[PlyCount "82"]
[EventDate "2018.10.21"]
[EventType "team-tourn"]
[EventRounds "9"]
[EventCountry "GER"]
[SourceTitle "EXT 2022"]
[Source "ChessBase"]
[SourceDate "2021.10.06"]
[SourceVersion "1"]
[SourceVersionDate "2021.10.06"]
[SourceQuality "1"]
[WhiteTeam "Rostock Makkabi"]
[BlackTeam "Binz Therme Ruegen"]
[WhiteTeamCountry "GER"]
[BlackTeamCountry "GER"]

1. d4 Nf6 2. c4 e6 3. Nf3 b6 4. g3 Bb7 5. Bg2 c5 6. dxc5 Bxc5 7. 0-0 0-0 8. a3 Be7 9. Nc3 a6 10. Qb3 d6 11. Be3 Nbd7 12. Na4 Bxf3 13. Bxf3 Rb8 14. Rac1 b5 15. cxb5 Rxb5 16. Qc2 Ne5 17. Bg2 h6 18. h3 Qb8 19. Rfd1 Ng6 20. b4 d5 21. Nc5 Rc8 22. Qa4 Bxc5 23. Bxc5 Rc6 24. e3 Qc8 25. Bf1 Rb8 26. Rc2 Ra8 27. Rdc1 Ne4 28. Bd4 Rxc2 29. Rxc2 Qb7 30. Rc6 Nd2 31. Rxa6 Rxa6 32. Qxa6 Qc7 33. Bc5 Ne4 34. Bg2 Nxc5 35. bxc5 Qxc5 36. Qa8+ Kh7 37. a4 Ne5 38. Qa6 d4 39. Be4+ g6 40. Qb5 Qd6 41. exd4 Qxd4 1/2-1/2